Name Every A Tribe Called Quest Song - Statistics

General Stats
  • This quiz has been taken 36 times
  • The average score is 38 of 97
Answer Stats
Album Track # Answer % Correct
People's Instinctive Travels and the Paths of Rhythm (1990) 8 Can I Kick It?
81%
The Low End Theory (1991) 14 Scenario (featuring Busta Rhymes, Charlie Brown and Dinco D)
81%
The Love Movement (Bonus Tracks) 16 Scenario (Remix) (featuring Kid Hood & Leaders of the New School)
81%
People's Instinctive Travels and the Paths of Rhythm 25th Anniversary Bonus Tracks 17 Can I Kick It? (J. Cole Remix)
77%
The Low End Theory (1991) 9 Check the Rhime
77%
Midnight Marauders (1993) 8 Electric Relaxation
77%
The Low End Theory (1991) 11 Jazz (We've Got)
77%
The Love Movement (Bonus Tracks) 20 Jazz (We've Got) (Re-Recording Radio)
77%
Midnight Marauders (1993) 3 Award Tour (featuring Trugoy the Dove)
73%
Midnight Marauders (1993) 10 Oh My God (featuring Busta Rhymes)
69%
The Love Movement (Bonus Tracks) 19 Oh My God (Remix)
69%
People's Instinctive Travels and the Paths of Rhythm (1990) 7 Bonita Applebum
65%
People's Instinctive Travels and the Paths of Rhythm 25th Anniversary Bonus Tracks 16 Bonita Applebum (Pharrell Williams Remix)
62%
The Low End Theory (1991) 2 Buggin' Out
62%
The Low End Theory (1991) 4 Butter
62%
Midnight Marauders (1993) 6 Midnight (featuring Raphael Wiggins)
58%
The Low End Theory (1991) 1 Excursions
54%
People's Instinctive Travels and the Paths of Rhythm (1990) 5 I Left My Wallet in El Segundo
54%
Midnight Marauders (1993) 2 Steve Biko (Stir It Up)
54%
Beats, Rhymes and Life (1996) 15 Stressed Out (featuring Faith Evans)
54%
We Got It from Here... Thank You 4 Your Service (2016) 1 The Space Program
54%
We Got It from Here... Thank You 4 Your Service (2016) 2 We the People....
54%
The Low End Theory (1991) 13 What?
54%
Beats, Rhymes and Life (1996) 7 1nce Again (featuring Tammy Lucas)
50%
Midnight Marauders (1993) 9 Clap Your Hands
50%
We Got It from Here... Thank You 4 Your Service (2016) 5 Dis Generation
50%
The Low End Theory (1991) 6 Show Business (featuring Diamond D, Lord Jamar and Sadat X)
50%
Midnight Marauders (1993) 5 Sucka Ni**a
50%
Beats, Rhymes and Life (1996) 9 The Hop
50%
The Low End Theory (1991) 8 The Infamous Date Rape
50%
We Got It from Here... Thank You 4 Your Service (2016) 14 Conrad Tokyo
46%
The Low End Theory (1991) 10 Everything Is Fair
46%
The Love Movement (1998) 2 Find a Way
46%
People's Instinctive Travels and the Paths of Rhythm (1990) 4 Footprints
46%
People's Instinctive Travels and the Paths of Rhythm 25th Anniversary Bonus Tracks 15 Footprints (CeeLo Green Remix) (featuring CeeLo Green)
46%
People's Instinctive Travels and the Paths of Rhythm (1990) 2 Luck of Lucien
46%
The Low End Theory (1991) 7 Vibes and Stuff
46%
The Love Movement (1998) 11 Busta's Lament
42%
Midnight Marauders (1993) 14 God Lives Through
42%
Midnight Marauders (1993) 13 Lyrics to Go
42%
Beats, Rhymes and Life (1996) 1 Phony Rappers
42%
The Low End Theory (1991) 12 Skypager
42%
We Got It from Here... Thank You 4 Your Service (2016) 6 Kids...
38%
Midnight Marauders (1993) 12 The Chase, Part II
38%
The Love Movement (1998) 14 The Love
38%
The Low End Theory (1991) 5 Verses from the Abstract (featuring Vinia Mojica and Ron Carter)
38%
Midnight Marauders (1993) 4 8 Million Stories
35%
We Got It from Here... Thank You 4 Your Service (2016) 15 Ego
35%
Beats, Rhymes and Life (1996) 2 Get a Hold
35%
People's Instinctive Travels and the Paths of Rhythm (1990) 12 Ham 'n' Eggs
35%
Midnight Marauders (1993) 1 Midnight Marauders Tour Guide
35%
The Low End Theory (1991) 3 Rap Promoter
35%
We Got It from Here... Thank You 4 Your Service (2016) 16 The Donald
35%
Midnight Marauders (1993) 7 We Can Get Down
35%
People's Instinctive Travels and the Paths of Rhythm (1990) 14 Description of a Fool
31%
The Love Movement (Bonus Tracks) 18 Hot Sex
31%
Beats, Rhymes and Life (1996) 4 Jam
31%
We Got It from Here... Thank You 4 Your Service (2016) 7 Melatonin
31%
Beats, Rhymes and Life (1996) 3 Motivators
31%
People's Instinctive Travels and the Paths of Rhythm (1990) 11 Mr. Muhammad
31%
People's Instinctive Travels and the Paths of Rhythm (1990) 6 Pubic Enemy
31%
People's Instinctive Travels and the Paths of Rhythm (1990) 1 Push it Along
31%
We Got It from Here... Thank You 4 Your Service (2016) 4 Solid Wall of Sound
31%
People's Instinctive Travels and the Paths of Rhythm (1990) 3 After Hours
27%
We Got It from Here... Thank You 4 Your Service (2016) 10 Black Spasmodic
27%
We Got It from Here... Thank You 4 Your Service (2016) 8 Enough!!
27%
Beats, Rhymes and Life (1996) 8 Mind Power
27%
People's Instinctive Travels and the Paths of Rhythm (1990) 10 Rhythm (Devoted to the Art of Moving Butts)
27%
The Love Movement (1998) 1 Start It Up
27%
The Love Movement (1998) 13 Against the World
23%
Beats, Rhymes and Life (1996) 5 Crew
23%
The Love Movement (1998) 3 Da Booty
23%
Beats, Rhymes and Life (1996) 10 Keeping It Moving
23%
Midnight Marauders (1993) 11 Keep It Rollin' (featuring Large Professor)
23%
The Love Movement (1998) 5 Like It Like That
23%
We Got It from Here... Thank You 4 Your Service (2016) 12 Lost Somebody
23%
We Got It from Here... Thank You 4 Your Service (2016) 9 Mobius
23%
The Love Movement (Bonus Tracks) 17 Money Maker
23%
The Love Movement (1998) 4 Steppin' It Up (featuring Busta Rhymes & Redman)
23%
We Got It from Here... Thank You 4 Your Service (2016) 11 The Killing Season
23%
The Love Movement (1998) 7 4 Moms (featuring Spanky)
19%
Beats, Rhymes and Life (1996) 11 Baby Phife's Return
19%
People's Instinctive Travels and the Paths of Rhythm (1990) 13 Go Ahead in the Rain
19%
The Love Movement (1998) 12 Hot 4 U
19%
We Got It from Here... Thank You 4 Your Service (2016) 13 Movin Backwards
19%
The Love Movement (Bonus Tracks) 21 One Two Shit (featuring Busta Rhymes)
19%
The Love Movement (1998) 10 Pad & Pen (featuring D-Life)
19%
The Love Movement (1998) 15 Rock Rock Y'all (featuring Punchline, Jane Doe, Wordsworth & Mos Def)
19%
Beats, Rhymes and Life (1996) 12 Separate/Together
19%
Beats, Rhymes and Life (1996) 6 The Pressure
19%
We Got It from Here... Thank You 4 Your Service (2016) 3 Whateva Will Be
19%
Beats, Rhymes and Life (1996) 14 Word Play
19%
The Love Movement (1998) 8 His Name Is Mutty Ranks
15%
Beats, Rhymes and Life (1996) 13 What Really Goes On
15%
People's Instinctive Travels and the Paths of Rhythm (1990) 9 Youthful Expression
15%
The Love Movement (1998) 6 Common Ground (Get It Goin' On)
12%
The Love Movement (1998) 9 Give Me (featuring Noreaga)
12%
No matching quizzes found
Score Distribution
Percent of People with Each Score
Percentile by Number Answered
Your Score History
You have not taken this quiz